Actors / Actresses Chain #7 - Statistics

General Stats
  • This quiz has been taken 99 times
  • The average score is 17 of 38
Answer Stats
Answer Hint % Correct
Emma Stone La La Land
92%
Emma Stone The Amazing Spider-Man
92%
Ryan Gosling Blade Runner 2049
89%
Ryan Gosling La La Land
89%
Daniel Craig No Time to Die
84%
Daniel Craig Knives Out
84%
Zac Efron High School Musical
81%
Zac Efron 17 Again
81%
Benedict Cumberbatch Doctor Strange
78%
Andrew Garfield The Amazing Spider-Man
76%
Andrew Garfield Tick, Tick... Boom!
76%
Jude Law Closer
51%
Jude Law Sherlock Holmes
51%
Bruce Willis The Whole Nine Yards
48%
Bruce Willis Red
48%
Matthew Perry 17 Again
48%
Matthew Perry The Whole Nine Yards
48%
Ana de Armas Knives Out
40%
Ana de Armas Blade Runner 2049
40%
Vanessa Hudgens Tick, Tick... Boom!
40%
Vanessa Hudgens High School Musical
40%
Léa Seydoux No Time to Die
29%
Clive Owen King Arthur
28%
Clive Owen Closer
28%
John Malkovich Red
28%
John Malkovich Johnny English
28%
Rachel McAdams Sherlock Holmes
27%
Rachel McAdams Doctor Strange
27%
Alexandra Daddario Percy Jackson & the Olympians
23%
Alexandra Daddario San Andreas
23%
Logan Lerman The Butterfly Effect
22%
Logan Lerman Percy Jackson & the Olympians
22%
Amy Smart Among Ravens
10%
Amy Smart The Butterfly Effect
10%
Natalie Imbruglia Johnny English
7%
Natalie Imbruglia Among Ravens
7%
Ioan Gruffudd San Andreas
5%
Ioan Gruffudd King Arthur
5%
No matching quizzes found
Score Distribution
Percent of People with Each Score
Percentile by Number Answered
Your Score History
You have not taken this quiz